Learn Java in a weekend (Record no. 175289)

MARC details
000 -LEADER
fixed length control field 00361nam a2200145Ia 4500
008 - FIXED-LENGTH DATA ELEMENTS--GENERAL INFORMATION
fixed length control field 231217s9999 xx 000 0 und d
041 ## - LANGUAGE CODE
Language code of text/sound track or separate title English
082 ## - DEWEY DECIMAL CLASSIFICATION NUMBER
Classification number 001.6424JAV RUS;1 R
100 ## - MAIN ENTRY--PERSONAL NAME
Personal name Russell, Joseph P
245 #0 - TITLE STATEMENT
Title Learn Java in a weekend
260 ## - PUBLICATION, DISTRIBUTION, ETC.
Date of publication, distribution, etc. 2002
Name of publisher, distributor, etc. PHI
Place of publication, distribution, etc. New Delhi
300 ## - PHYSICAL DESCRIPTION
Extent xxi+482
650 ## - SUBJECT ADDED ENTRY--TOPICAL TERM
Topical term or geographic name entry element Learn,Java,weekend
942 ## - ADDED ENTRY ELEMENTS (KOHA)
Koha item type Books
Holdings
Date last seen Total checkouts Full call number Accession number Cost, total (INR) price Price effective from Category Lost status Damaged status Department Withdrawn status Home library Current library Shelving location Entry date Vendor Cost, normal purchase price Grants Billnumber Billdate Currency symbol Conversion rate Discount Old discount Date due Date last checked out
26/01/2024   001.6424JAV RUS;1 R 35591 236.00 05/06/2005 Books     Central Library   Central Library Central Library Central Library 06/05/2005 Allied publ. 295.00 IS 19 06/10/2010 RS 1 59 20    
26/01/2024   001.6424JAV RUS;2 R1 35592 236.00 05/06/2005 Books     Central Library   Central Library Central Library Central Library 06/05/2005 Allied publ. 295.00 IS 19 25/03/2009 RS 1 59 20    
01/04/2024 1 001.6424JAV RUS;3 35593 236.00 05/06/2005 Books     Central Library   Central Library Central Library Central Library 06/05/2005 Allied publ. 295.00 IS 19 11/02/2006 RS 1 59 20 01/09/2005 01/04/2024
26/01/2024   001.6424JAV RUS;4 35594 236.00 05/06/2005 Books     Central Library   Central Library Central Library Central Library 06/05/2005 Allied publ. 295.00 IS 19 11/02/2006 RS 1 59 20    

© For any Suggestions or Query, please contact the library staff @ librarian@pes.edu or Phone: +9180 2672 1983/ 2108.